The making of Star Trek /

Guardat en:
Dades bibliogràfiques
Autor principal: Whitfield, Stephen E.
Altres autors: Roddenberry, Gene
Format: Llibre
Idioma:anglès
Publicat: New York : Ballantyne, 1968
Etiquetes: Afegir etiqueta
Sense etiquetes, Sigues el primer a etiquetar aquest registre!

MARC

LEADER 00000nam a22000007i 4500
001 IT\ICCU\UBO\3923831
003 ItRI
005 20260115231816.0
008 120316s1968 xxu|||||| ||||| |||||c
020 |a 0345340191 
040 |b ita  |c importazione bologna sebina 
041 7 |a eng  |2 ISO-639-2 
100 1 |a Whitfield, Stephen E.  |0 IT\ICCU\UBOV\335402 
245 1 4 |a The making of Star Trek /  |c Stephen E. Whitfield ; Gene Roddenberry ; written by Stephen E. Whitfield. 
260 |a New York :  |b Ballantyne,  |c 1968 
300 |a 414 p., [64] p. di tav. :  |b ill. ;  |c 18 cm 
700 1 |a Roddenberry, Gene  |0 IT\ICCU\RAVV\031507 
942 |2 ddc  |c BK  |n 0 
952 |0 0  |1 0  |4 0  |6 DOC_791_457000000000000_WHI  |7 0  |9 13147  |a BO  |b BO  |d 2026-01-15  |i 15606  |l 0  |o DOC 791.457 WHI  |p BO15606  |r 2026-01-15 23:18:16  |w 2026-01-15  |x [Sebina 7] [1 v.]  |y BK  |z 1 v. 
999 |c 11274  |d 11274